Estatísticas para Os 15 principais países afetados pela Covid-19 - 28 abr 2021

Clique aqui para jogar o quiz

Estatísticas Gerais

  • Esse quiz foi jogado 10 vezes
  • A pontuação média é 14 de 28

Estatísticas das Respostas

país% Correto
Brasil
89%
Espanha
78%
Estados Unidos
78%
Índia
78%
Portugal
78%
Rússia
78%
Alemanha
67%
Argentina
67%
Itália
67%
México
67%
Reino Unido
67%
França
56%
Irão
56%
Suécia
56%
Turquia
56%
Bélgica
44%
Países Baixos
44%
Polônia
44%
Colômbia
33%
Croácia
33%
Eslovénia
33%
Hungria
33%
Panamá
33%
Chéquia
22%
Estônia
22%
Israel
22%
Lituânia
22%
Bahrein
11%

Distribuição das Pontuações

Percentil de Números Respondidos

Porcentagem de Pessoas com Cada Pontuação

Sua Pontuação Histórica

Você não jogou esse quiz